[Event "ESTCC U65 2018"]
[Site "Walbrzych"]
[Date "2018.04.21"]
[Round "8"]
[White "Auvinen, Esa"]
[Black "Grahn, Lars"]
[Result "0-1"]
[WhiteElo "1888"]
[BlackElo "1949"]
[Annotator "NA"]
[PlyCount "54"]
[EventDate "2018.??.??"]
[EventCountry "POL"]
[SourceTitle "playchess.com"]
[Source "ChessBase"]
[SourceQuality "1"]
[WhiteTeam "Finland"]
[BlackTeam "Sweden"]
[WhiteTeamCountry "FIN"]
[BlackTeamCountry "SWE"]
[TimeControl "40/5400+30:1800+30"]

1. e4 {[%emt 0:00:00]} Nf6 {[%emt 0:00:08]} 2. e5 {[%emt 0:00:00]} Nd5 {[%emt 0:00:03]} 3. c4 {[%emt 0:00:13]} Nb6 {[%emt 0:00:06]} 4. d4 {[%emt 0:00:09]} d6 {[%emt 0:00:08]} 5. exd6 {[%emt 0:01:12]} exd6 {[%emt 0:00:03]} 6. Nf3 {[%emt 0:02:02]} Bg4 {[%emt 0:00:39]} 7. Bd3 {[%emt 0:01:41]} Be7 {[%emt 0:01:35] LiveBook: 12 Games} 8. Nc3 {[%emt 0:02:31]} O-O {[%emt 0:00:56]} 9. O-O {[%emt 0:01:29]} Nc6 {[%emt 0:00:59]} 10. Be3 {[%emt 0:05:11]} Bf6 {[%emt 0:06:26]} 11. c5 {[%emt 0:00:36] B03: Alekhine's Defence: Four Pawns Attack} (11. h3 Bh5 12. b3 d5 13. c5 Nc8 14. Re1 Bxf3 15. Qxf3 N8e7 16. Rad1 b6 17. Ne2 bxc5 18. dxc5 Ne5 {½-½ (108) Lewicki,M (2404)-Psyk,R (2222) Bialystok 2017}) 11... dxc5 {[%emt 0:14:59]} 12. dxc5 {[%emt 0:00:31]} Bxf3 {[%emt 0:00:28]} 13. gxf3 $146 {[%emt 0:01:22]} ({Find the theoretical novelty and annotate with similar games:} 13. Qxf3 Qxd3 14. cxb6 cxb6 15. Rad1 Qc4 16. Ne4 Qxa2 17. Nxf6+ gxf6 18. Bh6 Ne5 19. Qxf6 {1-0 (26) Beerdsen,T-Ozdemir,S Rijswijk 2009}) 13... Bxc3 {[%emt 0:05:40]} 14. cxb6 {[%emt 0:08:23]} Bxb2 {[%emt 0:01:53]} 15. bxc7 {[%emt 0:01:26]} Qxc7 {[%emt 0:00:41]} 16. Rb1 $15 {[%emt 0:00:29]} Be5 {[%emt 0:02:35]} 17. h3 {[%emt 0:09:10]} Rad8 {[%emt 0:14:03]} 18. Qc2 {[%emt 0:02:24]} h6 {[%emt 0:01:24]} 19. Be4 {[%emt 0:02:13]} Bd4 {[%emt 0:06:33]} 20. Bxd4 {[%emt 0:06:38]} Rxd4 {[%emt 0:00:07]} 21. Rfc1 {[%emt 0:03:14]} Rd6 22. Qb3 {[%emt 0:06:01]} Rb8 {[%emt 0:04:55]} 23. Rc3 {[%emt 0:03:35]} Qd7 {[%emt 0:04:42]} 24. Rbc1 {[%emt 0:03:27]} Rd8 {[%emt 0:04:42]} 25. Kg2 {[%emt 0:04:31]} Nd4 {[%emt 0:03:23]} 26. Qb2 {[%emt 0:04:49]} Ne6 {[%emt 0:04:29]} 27. Qxb7 {[%emt 0:02:41]} Nf4+ {[%emt 0:01:17]} 0-1

[Event "ESTCC U65 2018"]
[Site "Walbrzych"]
[Date "2018.04.21"]
[Round "8"]
[White "Dalling, Peter"]
[Black "White, Alastair F"]
[Result "0-1"]
[WhiteElo "1844"]
[BlackElo "2069"]
[Annotator "NA"]
[PlyCount "60"]
[EventDate "2018.??.??"]
[EventCountry "POL"]
[SourceTitle "playchess.com"]
[Source "ChessBase"]
[SourceQuality "1"]
[WhiteTeam "Sweden"]
[BlackTeam "Scotland"]
[WhiteTeamCountry "SWE"]
[BlackTeamCountry "SCO"]
[TimeControl "40/5400+30:1800+30"]

1. Nc3 {[%emt 0:00:00]} d5 {[%emt 0:00:23]} 2. e4 {[%emt 0:00:00]} d4 {[%emt 0:00:36]} 3. Nb1 {[%emt 0:00:00]} Nc6 {[%emt 0:00:21]} 4. Bc4 {[%emt 0:00:06]} Nf6 {[%emt 0:00:15]} 5. d3 {[%emt 0:00:10]} e5 {[%emt 0:00:28]} 6. Nf3 {[%emt 0:02:50]} Bd6 {[%emt 0:03:10]} 7. Bg5 {[%emt 0:00:31]} h6 {[%emt 0:00:36]} 8. Bd2 {[%emt 0:00:49]} Qe7 {[%emt 0:01:28]} 9. h3 {[%emt 0:02:27]} a6 {[%emt 0:00:23]} 10. a4 {[%emt 0:02:39]} Bd7 {[%emt 0:05:03]} 11. a5 {[%emt 0:05:29]} O-O-O {[%emt 0:12:37]} 12. c3 {[%emt 0:10:00]} Bc5 {[%emt 0:01:19]} 13. Qb3 {[%emt 0:00:33]} Rhf8 $15 {[%emt 0:02:59]} 14. cxd4 {[%emt 0:04:50]} exd4 {[%emt 0:03:10]} 15. Na3 {[%emt 0:01:35]} g5 {[%emt 0:05:13]} 16. O-O-O {[%emt 0:01:14]} Bxa3 {[%emt 0:18:26]} 17. bxa3 {[%emt 0:01:24]} Qc5 {[%emt 0:00:25]} 18. Kb2 {[%emt 0:01:10]} Nxa5 {[%emt 0:01:00]} 19. Bxa5 {[%emt 0:00:09]} Qxa5 {[%emt 0:00:11]} 20. Rc1 {[%emt 0:02:09]} Ba4 {[%emt 0:03:25]} 21. Qa2 {[%emt 0:00:07]} Nd7 {[%emt 0:09:17]} 22. Bxf7 {[%emt 0:04:00]} Nc5 {[%emt 0:02:25]} 23. Bc4 {[%emt 0:05:34]} Rf6 {[%emt 0:02:59]} 24. e5 {[%emt 0:07:10]} Rb6+ {[%emt 0:00:11]} 25. Ka1 {[%emt 0:00:07]} Bb3 {[%emt 0:00:33]} 26. Bxb3 {[%emt 0:01:06]} Nxb3+ {[%emt 0:01:05]} 27. Kb2 {[%emt 0:00:09]} Nxc1+ {[%emt 0:01:36]} 28. Kxc1 {[%emt 0:00:09]} Qc3+ {[%emt 0:00:35]} 29. Kd1 {[%emt 0:01:40]} Rb2 {[%emt 0:01:39]} 30. Qe6+ {[%emt 0:03:20]} Kb8 {[%emt 0:00:07]} 0-1

[Event "ESTCC U65 2018"]
[Site "Walbrzych"]
[Date "2018.04.21"]
[Round "8"]
[White "Fitzke, Ulrich"]
[Black "Andersson, Finn"]
[Result "1-0"]
[WhiteElo "1827"]
[BlackElo "1719"]
[Annotator "NA"]
[PlyCount "115"]
[EventDate "2018.??.??"]
[EventCountry "POL"]
[SourceTitle "playchess.com"]
[Source "ChessBase"]
[SourceQuality "1"]
[WhiteTeam "Germany"]
[BlackTeam "Denmark"]
[WhiteTeamCountry "GER"]
[BlackTeamCountry "DEN"]
[TimeControl "40/5400+30:1800+30"]

1. d4 {[%emt 0:00:00]} e6 {[%emt 0:00:08]} 2. c4 {[%emt 0:00:52]} Nf6 {[%emt 0:00:06]} 3. Nc3 {[%emt 0:00:22]} c5 {[%emt 0:00:12]} 4. Nf3 {[%emt 0:00:31]} cxd4 {[%emt 0:00:09]} 5. Nxd4 {[%emt 0:00:58]} Nc6 {[%emt 0:00:08]} 6. e3 {[%emt 0:01:05]} d5 {[%emt 0:00:43]} 7. cxd5 {[%emt 0:08:53]} Nxd5 {[%emt 0:00:26]} 8. Nxc6 {[%emt 0:01:15]} bxc6 {[%emt 0:00:05]} 9. Bd2 {[%emt 0:01:03]} Bd6 {[%emt 0:03:03]} 10. Be2 {[%emt 0:01:46]} O-O {[%emt 0:01:56]} 11. Rc1 {[%emt 0:00:31]} Rb8 {[%emt 0:00:45]} 12. Nxd5 {[%emt 0:05:19]} cxd5 {[%emt 0:01:13]} 13. Bc3 {[%emt 0:00:25]} Bb4 {[%emt 0:07:29]} 14. Qd4 {[%emt 0:01:34]} Bxc3+ {[%emt 0:00:43]} 15. Qxc3 {[%emt 0:00:31]} Qb6 {[%emt 0:02:10]} 16. b3 $11 {[%emt 0:00:41]} Ba6 {[%emt 0:00:47]} 17. Qb2 {[%emt 0:01:51]} Qb4+ {[%emt 0:13:47]} 18. Qd2 {[%emt 0:03:42]} Qxd2+ {[%emt 0:01:39]} 19. Kxd2 {[%emt 0:00:39]} Bxe2 {[%emt 0:00:55]} 20. Kxe2 {[%emt 0:00:27]} Rfc8 {[%emt 0:00:23]} 21. Kd3 {[%emt 0:01:13]} Kf8 {[%emt 0:00:16]} 22. Rc3 {[%emt 0:00:37]} Rxc3+ {[%emt 0:02:49]} 23. Kxc3 {[%emt 0:00:26]} Ke7 {[%emt 0:00:07]} 24. Kd2 {[%emt 0:01:10]} Rc8 {[%emt 0:00:12]} 25. Rc1 Rxc1 26. Kxc1 {[%emt 0:01:44]} Kd6 {[%emt 0:00:38]} 27. Kc2 {[%emt 0:00:33]} e5 {[%emt 0:03:35]} 28. Kc3 {[%emt 0:00:42]} Kc5 {[%emt 0:00:43]} 29. b4+ {[%emt 0:01:41]} Kb5 {[%emt 0:04:40]} 30. Kb3 {[%emt 0:00:22]} a5 {[%emt 0:09:57]} 31. a4+ {[%emt 0:02:09]} Kb6 {[%emt 0:00:02]} 32. b5 {[%emt 0:00:48]} Kc5 {[%emt 0:01:13]} 33. Kc3 {[%emt 0:00:27]} Kb6 {[%emt 0:08:09]} 34. h4 {[%emt 0:02:01]} h5 {[%emt 0:00:12]} 35. f3 {[%emt 0:00:33]} Kc5 {[%emt 0:05:49]} 36. g4 {[%emt 0:00:54]} hxg4 {[%emt 0:07:36]} 37. fxg4 {[%emt 0:00:36]} Kb6 {[%emt 0:01:33]} 38. h5 {[%emt 0:00:25]} f6 {[%emt 0:00:18]} 39. Kd3 {[%emt 0:00:26]} Kc5 {[%emt 0:00:48]} 40. Ke2 {[%emt 0:00:34]} Kd6 {[%emt 0:31:04]} 41. Kf3 {[%emt 0:00:51]} Kc5 {[%emt 0:00:00]} 42. Kg3 {[%emt 0:02:24]} Kd6 {[%emt 0:00:00]} 43. Kh4 {[%emt 0:03:14]} Kc5 {[%emt 0:00:00]} 44. g5 {[%emt 0:04:34]} fxg5+ {[%emt 0:00:00]} 45. Kxg5 {[%emt 0:01:30]} d4 {[%emt 0:00:00]} 46. exd4+ {[%emt 0:00:40]} exd4 {[%emt 0:00:00]} 47. Kf4 {[%emt 0:00:39]} Kd5 {[%emt 0:00:51]} 48. Kf3 {[%emt 0:00:36]} Ke5 {[%emt 0:03:15]} 49. Ke2 {[%emt 0:00:48]} Kd6 {[%emt 0:00:15]} 50. Kd2 {[%emt 0:00:48]} Kc5 {[%emt 0:00:27]} 51. Kc2 {[%emt 0:01:03]} Kd6 {[%emt 0:02:09]} 52. Kd3 {[%emt 0:00:50]} Kd5 {[%emt 0:01:39]} 53. b6 {[%emt 0:03:03]} Kc6 {[%emt 0:00:04]} 54. b7 {[%emt 0:00:31]} Kxb7 {[%emt 0:00:07]} 55. Kxd4 {[%emt 0:00:08]} Kc6 {[%emt 0:00:33]} 56. Kc4 {[%emt 0:00:45]} Kb6 {[%emt 0:00:09]} 57. Kd5 {[%emt 0:00:20]} Kc7 {[%emt 0:01:19]} 58. Kc5 {[%emt 0:02:05]} 1-0

[Event "ESTCC U65 2018"]
[Site "Walbrzych"]
[Date "2018.04.21"]
[Round "8"]
[White "Rintakoski, Pentti"]
[Black "Ackermann, Hans Werner"]
[Result "0-1"]
[WhiteElo "1797"]
[BlackElo "2211"]
[Annotator "NA"]
[PlyCount "87"]
[EventDate "2018.??.??"]
[EventCountry "POL"]
[SourceTitle "playchess.com"]
[Source "ChessBase"]
[SourceQuality "1"]
[WhiteTeam "Finland"]
[BlackTeam "Germany"]
[WhiteTeamCountry "FIN"]
[BlackTeamCountry "GER"]
[TimeControl "40/5400+30:1800+30"]

1. e4 {[%emt 0:00:00]} g6 {[%emt 0:00:23]} 2. Nf3 {[%emt 0:00:43]} Bg7 {[%emt 0:00:05]} 3. Bc4 {[%emt 0:00:32]} d6 {[%emt 0:00:30]} 4. h3 {[%emt 0:00:24]} a6 {[%emt 0:01:13]} 5. d3 {[%emt 0:01:26]} e6 {[%emt 0:01:50]} 6. Nbd2 {[%emt 0:00:56]} Ne7 {[%emt 0:01:18]} 7. c3 {[%emt 0:02:01]} O-O {[%emt 0:01:11]} 8. Bb3 {[%emt 0:01:42]} b6 {[%emt 0:06:47]} 9. O-O {[%emt 0:01:42]} Bb7 {[%emt 0:00:56]} 10. Re1 {[%emt 0:00:33]} c5 {[%emt 0:00:54]} 11. Nf1 {[%emt 0:00:55]} Nbc6 {[%emt 0:01:15]} 12. Bg5 {[%emt 0:00:46]} h6 {[%emt 0:01:30]} 13. Bf4 {[%emt 0:00:53]} Kh7 {[%emt 0:01:32]} 14. Qd2 {[%emt 0:01:22]} d5 {[%emt 0:07:00]} 15. Rad1 {[%emt 0:02:16]} d4 {[%emt 0:05:18]} 16. c4 {[%emt 0:05:29]} (16. Bg3 $11 {remains equal.}) 16... e5 {[%emt 0:07:18]} 17. Bg3 {[%emt 0:00:39]} Qc7 $15 {[%emt 0:00:18]} 18. Qc1 {[%emt 0:00:41]} Nd8 {[%emt 0:00:18]} 19. N1h2 {[%emt 0:02:05]} Ne6 {[%emt 0:01:19]} 20. Ng4 {[%emt 0:01:19]} f6 {[%emt 0:00:37]} 21. a3 {[%emt 0:00:50]} h5 {[%emt 0:00:19]} 22. Ngh2 {[%emt 0:01:02]} Bh6 {[%emt 0:00:07]} 23. Qc2 {[%emt 0:00:55]} g5 {[%emt 0:00:26]} 24. Nf1 {[%emt 0:01:04]} Rg8 {[%emt 0:00:59]} 25. Qe2 {[%emt 0:00:54]} Ng6 {[%emt 0:03:07]} 26. Ba2 {[%emt 0:01:31]} Ngf4 {[%emt 0:00:23]} 27. Qc2 {[%emt 0:00:32]} Bc8 {[%emt 0:04:52]} 28. Kh1 {[%emt 0:03:08]} Qd7 {[%emt 0:05:28]} 29. Ng1 {[%emt 0:01:00]} Nxg2 {[%emt 0:13:28]} 30. Kxg2 {[%emt 0:00:37]} Nf4+ {[%emt 0:00:07]} 31. Kh1 {[%emt 0:01:53]} Nxh3 {[%emt 0:00:33]} 32. f3 {[%emt 0:01:42]} Nxg1 {[%emt 0:02:27]} 33. Kxg1 {[%emt 0:00:17]} h4 {[%emt 0:00:02]} 34. Qh2 {[%emt 0:02:26]} hxg3 {[%emt 0:01:44]} 35. Nxg3 {[%emt 0:00:13]} Qh3 {[%emt 0:00:09]} 36. Re2 {[%emt 0:01:20]} g4 {[%emt 0:02:00]} 37. Qxh3 {[%emt 0:01:05]} gxh3 {[%emt 0:00:18]} 38. Kh2 {[%emt 0:00:34]} Bf4 {[%emt 0:00:08]} 39. Rg1 {[%emt 0:00:26]} Be6 {[%emt 0:00:12]} 40. Bb3 {[%emt 0:00:00]} Rxg3 {[%emt 0:00:12]} 41. Rxg3 {[%emt 0:05:45]} Rg8 {[%emt 0:00:08]} 42. Kh1 {[%emt 0:00:49]} Rxg3 {[%emt 0:00:12]} 43. Rf2 {[%emt 0:00:26]} Be3 {[%emt 0:00:07]} 44. Rf1 {[%emt 0:00:20]} 0-1

[Event "ESTCC U65 2018"]
[Site "Walbrzych"]
[Date "2018.04.21"]
[Round "8"]
[White "Heikkila, Raine"]
[Black "Lundgren, Ulf"]
[Result "0-1"]
[WhiteElo "1705"]
[BlackElo "1989"]
[Annotator "NA"]
[PlyCount "70"]
[EventDate "2018.??.??"]
[EventCountry "POL"]
[SourceTitle "playchess.com"]
[Source "ChessBase"]
[SourceQuality "1"]
[WhiteTeam "Finland"]
[BlackTeam "Sweden"]
[WhiteTeamCountry "FIN"]
[BlackTeamCountry "SWE"]
[TimeControl "40/5400+30:1800+30"]

1. d4 d5 2. Nf3 Nf6 3. h3 g6 4. Nc3 Bg7 5. Bf4 c6 {D00: 1 d4 d5: Unusual lines} 6. e3 O-O 7. Bd3 (7. Be2 Bf5 8. O-O Nbd7 9. Qc1 Re8 10. Bh2 Ne4 11. Nxe4 Bxe4 12. Ng5 Bf5 13. g4 e5 14. Nxf7 Kxf7 15. gxf5 exd4 {1-0 (45) Aronian,L (2793)-Giri,A (2771) Stavanger 2017}) 7... Re8 8. Ng5 $146 ({Predecessor:} 8. Bh2 Nfd7 9. Qd2 b5 10. O-O a5 11. e4 b4 12. Na4 {1-0 (34) Nabaty,T (2630)-Kozul,Z (2622) Baku 2016}) 8... Nfd7 9. h4 e5 10. dxe5 Nxe5 11. h5 Nxd3+ 12. Qxd3 Bf5 13. Qe2 d4 14. g4 dxc3 15. gxf5 cxb2 16. Rd1 Qa5+ 17. Kf1 Qxf5 18. hxg6 hxg6 19. Rh4 Nd7 20. e4 Qb5 $19 21. Qxb5 cxb5 22. f3 Nf6 23. Rh2 Nh5 24. Be3 a5 25. Rhd2 b4 26. Rd7 Rac8 27. R7d2 Bf6 28. Nh3 Red8 29. Nf2 Rxd2 30. Bxd2 Rxc2 31. Nd3 Bc3 32. Bh6 Ng3+ 33. Kg1 Bd4+ 34. Nf2 Bxf2+ 35. Kg2 Be3+ 0-1

[Event "ESTCC U65 2018"]
[Site "Walbrzych"]
[Date "2018.04.22"]
[Round "9"]
[White "Lisenko, Alexander V"]
[Black "Fernengel, Rudolf"]
[Result "1-0"]
[WhiteElo "2368"]
[BlackElo "1789"]
[Annotator "NA"]
[PlyCount "65"]
[EventDate "2018.??.??"]
[EventCountry "POL"]
[SourceTitle "playchess.com"]
[Source "ChessBase"]
[SourceQuality "1"]
[WhiteTeam "Russia"]
[BlackTeam "Germany"]
[WhiteTeamCountry "RUS"]
[BlackTeamCountry "GER"]
[TimeControl "40/5400+30:1800+30"]

1. c4 {[%emt 0:00:00]} Nf6 {[%emt 0:00:08]} 2. g3 {[%emt 0:00:00]} e6 {[%emt 0:01:10]} 3. Bg2 {[%emt 0:00:03]} d5 {[%emt 0:01:09]} 4. Nf3 {[%emt 0:00:07]} c6 {[%emt 0:00:47]} 5. b3 {[%emt 0:00:10]} Nbd7 {[%emt 0:00:57]} 6. Bb2 {[%emt 0:00:24]} Be7 {[%emt 0:00:50]} 7. O-O {[%emt 0:00:06]} O-O {[%emt 0:00:23]} 8. d3 {[%emt 0:00:06]} Ne8 {[%emt 0:02:38] A14: English Opening: 1...e6 with b3 by White} (8... b5 9. Qc2 Bb7 10. e4 Rc8 11. e5 Ne8 12. Nc3 Nc7 13. h4 c5 14. Rfe1 a6 15. a4 bxc4 16. dxc4 Rb8 {0-1 (53) Pantsulaia,L (2581)-Bruzon Batista,L (2664) Tromsoe 2014}) 9. Nbd2 {[%emt 0:00:30]} Bf6 {[%emt 0:02:18]} 10. d4 {[%emt 0:00:09]} Nd6 {[%emt 0:10:02]} 11. Qc2 {[%emt 0:00:50]} Re8 $146 {[%emt 0:02:41]} ({Predecessor:} 11... g6 12. Ba3 Be7 13. Rfe1 f5 14. cxd5 exd5 15. e3 Nf6 16. Ne5 {½-½ (77) Pucarevic,M (2227)-Karadarevic,S (1831) Belgrade 2008}) 12. Ne5 {[%emt 0:00:39]} Be7 {[%emt 0:05:21]} 13. f4 {[%emt 0:06:43]} Nf8 {[%emt 0:04:36]} 14. e4 {[%emt 0:03:14]} Nxe4 {[%emt 0:03:12]} 15. Nxe4 {[%emt 0:00:26]} dxe4 {[%emt 0:00:23]} 16. Bxe4 {[%emt 0:00:05]} f6 {[%emt 0:13:39]} 17. Nd3 {[%emt 0:04:00]} Qa5 {[%emt 0:04:31]} 18. Bf3 {[%emt 0:05:43]} Bd7 {[%emt 0:08:09]} 19. Bc3 {[%emt 0:00:28]} Qb6 {[%emt 0:02:28]} 20. b4 {[%emt 0:03:32]} a6 {[%emt 0:01:22]} 21. a4 {[%emt 0:01:59]} Qc7 {[%emt 0:06:39]} 22. a5 {[%emt 0:04:01]} Rad8 $18 {[%emt 0:03:37]} 23. Rfe1 {[%emt 0:01:34]} Bd6 {[%emt 0:03:56]} 24. Re2 {[%emt 0:00:42]} Bc8 {[%emt 0:00:41]} 25. Bh5 {[%emt 0:01:19]} g6 {[%emt 0:01:47]} 26. Bf3 {[%emt 0:00:40]} Qf7 {[%emt 0:00:10]} 27. Rae1 {[%emt 0:00:39]} Bd7 {[%emt 0:02:38]} 28. Kg2 {[%emt 0:04:32]} Kg7 {[%emt 0:00:11]} 29. Nf2 {[%emt 0:01:32]} h5 {[%emt 0:02:00]} 30. Ne4 {[%emt 0:00:27]} Be7 {[%emt 0:00:33]} 31. d5 exd5 {[%emt 0:04:12]} 32. Ng5 {[%emt 0:05:44]} Qg8 {[%emt 0:05:59]} 33. Rxe7+ {[%emt 0:00:12]} 1-0

[Event "ESTCC U65 2018"]
[Site "Walbrzych"]
[Date "2018.04.22"]
[Round "9"]
[White "Tunik, Gennady"]
[Black "Baumbach, Friedrich"]
[Result "1-0"]
[WhiteElo "2351"]
[BlackElo "2172"]
[Annotator "NA"]
[PlyCount "129"]
[EventDate "2018.??.??"]
[EventCountry "POL"]
[SourceTitle "playchess.com"]
[Source "ChessBase"]
[SourceQuality "1"]
[WhiteTeam "Russia"]
[BlackTeam "Germany"]
[WhiteTeamCountry "RUS"]
[BlackTeamCountry "GER"]
[TimeControl "40/5400+30:1800+30"]

1. d4 {[%emt 0:00:00]} d5 {[%emt 0:00:13]} 2. c4 {[%emt 0:00:00]} e6 {[%emt 0:00:11]} 3. Nf3 {[%emt 0:00:00]} Nf6 {[%emt 0:00:13]} 4. Nc3 {[%emt 0:00:14]} Be7 {[%emt 0:00:09]} 5. Bf4 {[%emt 0:00:16]} O-O {[%emt 0:00:46]} 6. e3 {[%emt 0:00:14]} c5 {[%emt 0:03:00]} 7. dxc5 {[%emt 0:00:36]} Qa5 {[%emt 0:02:14]} 8. Nd2 {[%emt 0:08:42] D37: Queen's Gambit Declined: 5 Bf4} (8. a3 dxc4 9. Bxc4 Qxc5 10. Qe2 Nbd7 11. e4 Nb6 12. Bd3 Bd7 13. Be5 Na4 14. Rc1 Rfc8 15. O-O Nxc3 16. Rxc3 Qb6 {1-0 (16) Moiseenko,A (2643)-Kharitonov,A (2569) Moscow 2008}) 8... dxc4 {[%emt 0:05:15]} 9. Nxc4 {[%emt 0:00:33]} Qxc5 {[%emt 0:01:04]} 10. Bd6 {[%emt 0:03:58]} Bxd6 {[%emt 0:00:28]} 11. Qxd6 {[%emt 0:00:06]} Qxd6 {[%emt 0:02:56]} 12. Nxd6 {[%emt 0:00:06]} Nc6 {[%emt 0:00:44]} 13. Bb5 {[%emt 0:03:21]} Rd8 {[%emt 0:06:39]} 14. O-O-O {[%emt 0:02:45]} Kf8 {[%emt 0:12:45]} 15. Bxc6 {[%emt 0:10:22]} bxc6 {[%emt 0:01:09] [#]} 16. Nc4 $146 {[%emt 0:00:20]} Bd7 {[%emt 0:10:44]} 17. e4 {[%emt 0:00:47]} Ng4 {[%emt 0:06:51]} 18. Rd2 {[%emt 0:00:59]} Be8 {[%emt 0:00:25]} 19. f3 {[%emt 0:01:14]} Rxd2 {[%emt 0:00:34]} 20. Kxd2 {[%emt 0:00:10]} Rd8+ {[%emt 0:05:55]} 21. Ke2 {[%emt 0:00:46]} Rd4 {[%emt 0:02:42]} 22. b3 {[%emt 0:01:40]} Nf6 {[%emt 0:01:00]} 23. Ke3 {[%emt 0:02:52]} Rd8 {[%emt 0:01:03]} 24. Rd1 {[%emt 0:01:05]} Rxd1 {[%emt 0:04:50]} 25. Nxd1 {[%emt 0:00:04]} c5 $16 {[%emt 0:01:51]} 26. Ne5 {[%emt 0:00:45]} Ke7 {[%emt 0:00:36]} 27. Nd3 {[%emt 0:01:19]} Nd7 {[%emt 0:01:06]} 28. Nc3 {[%emt 0:00:43]} a6 {[%emt 0:01:04]} 29. e5 {[%emt 0:00:41]} f6 {[%emt 0:03:51]} 30. exf6+ {[%emt 0:00:27]} gxf6 {[%emt 0:01:15]} 31. Ne4 {[%emt 0:00:05]} Nb6 {[%emt 0:00:59]} 32. Nexc5 {[%emt 0:00:17]} a5 {[%emt 0:02:36]} 33. f4 {[%emt 0:02:59]} a4 {[%emt 0:01:18]} 34. Nxa4 {[%emt 0:00:24]} Nxa4 {[%emt 0:01:13]} 35. bxa4 {[%emt 0:00:05]} Bxa4 {[%emt 0:00:19]} 36. Nc5 {[%emt 0:01:30]} Bc6 {[%emt 0:01:17]} 37. g4 {[%emt 0:00:08]} e5 {[%emt 0:03:08]} 38. a4 {[%emt 0:00:45]} Kd6 {[%emt 0:05:33]} 39. Ne4+ {[%emt 0:00:09]} Ke7 {[%emt 0:00:12]} 40. a5 {[%emt 0:00:00]} Bb5 {[%emt 0:00:27]} 41. h4 {[%emt 0:02:08]} Bf1 {[%emt 0:06:17]} 42. fxe5 {[%emt 0:03:06]} fxe5 {[%emt 0:00:06]} 43. Ng5 {[%emt 0:00:13]} h6 {[%emt 0:01:11]} 44. Nf3 {[%emt 0:00:08]} Kd6 {[%emt 0:06:24]} 45. Ke4 {[%emt 0:00:24]} Bg2 {[%emt 0:00:55]} 46. a6 {[%emt 0:00:11]} Kc6 {[%emt 0:00:07]} 47. Ke3 {[%emt 0:00:10]} Kb6 {[%emt 0:01:47]} 48. Nxe5 {[%emt 0:01:22]} Kxa6 {[%emt 0:00:06]} 49. Nf7 {[%emt 0:00:10]} Kb6 {[%emt 0:00:37]} 50. Nxh6 {[%emt 0:00:07]} Kc7 {[%emt 0:00:38]} 51. g5 {[%emt 0:00:05]} Kd6 {[%emt 0:00:30]} 52. g6 {[%emt 0:00:07]} Ke7 {[%emt 0:00:18]} 53. g7 {[%emt 0:00:09]} Bd5 {[%emt 0:00:17]} 54. Kf4 {[%emt 0:00:15]} Kf6 {[%emt 0:01:16]} 55. g8=Q {[%emt 0:00:07]} Bxg8 {[%emt 0:00:09]} 56. Nxg8+ {[%emt 0:00:05]} Kf7 {[%emt 0:00:22]} 57. Nh6+ {[%emt 0:00:06]} Kg6 {[%emt 0:00:08]} 58. Nf5 {[%emt 0:00:07]} Kh5 {[%emt 0:00:18]} 59. Kg3 {[%emt 0:00:06]} Kg6 {[%emt 0:01:06]} 60. Kg4 {[%emt 0:00:07]} Kf6 {[%emt 0:00:19]} 61. h5 {[%emt 0:00:06]} Kf7 {[%emt 0:00:15]} 62. Kg5 {[%emt 0:00:08]} Kg8 {[%emt 0:00:02]} 63. Kg6 {[%emt 0:00:07]} Kh8 {[%emt 0:00:01]} 64. h6 {[%emt 0:00:04]} Kg8 {[%emt 0:00:04]} 65. Nd6 {[%emt 0:00:02]} 1-0